000 00675nam a2200253Ia 4500
003 OSt
005 20221005052552.0
006 a|||||r|||| 00| 0
007 ta
008 221004b |||||||| |||| 00| 0 eng d
020 _a1857150910
024 _a26766
037 _cTextual
040 _aCRL
_cCRL
_beng
041 _2eng
_aeng
082 _aO111,1J64x, N2
100 _aShakespeare Williams
_97937
245 0 _aSonnets and narrative poems
260 _aLondon
_bDavid Campbell UK
_c1992
300 _a248p.
_ccm.
650 _aENGLISH LITERATURE
942 _hO111,1J64x, N2
_cTEXL
_2cc
999 _c960580
_d960580